| 000 | 00730nam a2200193 i 4500 | ||
|---|---|---|---|
| 001 | 146629 | ||
| 003 | ES-MaACL | ||
| 005 | 20260210163247.0 | ||
| 007 | t| | ||
| 008 | 070913s1955 sp ||||1| spa d | ||
| 100 | 1 |
_aTreviño, Luis. _9111351 |
|
| 245 | 1 | 0 | _aFactores que deben tomarse en consideración para aconsejar el empleo de una fórmula de abonado para el trigo. |
| 260 |
_aMadrid : _b[s.n.], _c1955 ( _fImp. Cofisa) |
||
| 300 |
_a24 p. ; _c21 cm. |
||
| 500 | _aPrecede al tít.: Ministerio de Agricultura. Instituto Nacional de Investigaciones Agronómicas. | ||
| 710 |
_aInstituto Nacional de Investigaciones Agronómicas _c(España) _9219222 |
||
| 852 |
_aES-MaACL _j1978-F-13 _bR.37274 |
||
| 999 |
_c146629 _d146629 |
||